02379nam a2200229 450000500170000000800410001704000440005804100080010208200120011010000250012224202020014724501540034926001520050330000400065550005170069550508110121250600210202354600210204465000340206565000250209965000250212420160902080412.0160801s1911 gw |||fr|||| 000 0 lat d aCO-BoUCMbspacSandra YazodSandra Yazo1 alat04220a1131 aGründer, Huberto 00aSobre las cualidades sensibles. Especialmente, sobre los colores y los sonidos. bCon un grabado que muestra las imágenes impresas por tricromíacEscrita por el P. Huberto Gründer S. J.yspa10aDe qualitatibus sensibilibus et in specie de coloribus et sonisbCum tabula picturarum tribus coloribus confectarumcAuctore Huberto Gründer S. J. aFriburgi Brisgoviae [Friburgo de Brisgovia] (Alemania)bB. Herder Typographus Editor Pontificius [B. Herder, Editor y Tipógrafo Pontificio]c1911 axi, 100, [1] páginasc23 x 15 cm. aDetalles físicos: Encuadernación rígida en cartón forrado en tela, tapas y lomo marcados en letras con tinta verde. Guardas. Anteportada, al verso una notación manuscrita. Portada impresa en una sola tinta. Licencias de impresión (“Imprimatur”). Texto impreso en una sola columna. Algunas notas al pie de página. Papel de muy buena calidad. Cortes pintados. Índice. Una lámina con explicación de lo que es una tricromía. Perteneció a la biblioteca de Mons. Rafael María Carrasquilla0 aIntroducción: Diversas opiniones sobre el tema: escolásticos, San Alberto Magno, Neoescolásticos ; Teoría de los sonidos y de los colores ; Tesis 1 - 3: No es idealista la tesis de los neoescolásticos que defiende, junto con físicos y fisiólogos, que colores y sonidos sólo existen fundamentalmente en los mismos cuerpos ; La enseñanza de los neoescolásticos acerca de la naturaleza de los sonidos debe preferirse por encima de otras opiniones ; La enseñanza de los neoescolásticos acerca de la naturaleza de los colores debe preferirse por encima de otras opiniones ; No sólo por razones criteriológicas, sino porque así se explican mejor los datos de las ciencias naturales ; Apéndices ; Algunas teorías antiguas sobre los colores, la propagación de la luz y del color aConsulta en sala aTexto en latín 7aFilosofía de la naturaleza  7aSonido (Filosofía) 7aColor (Filosofía)